Versions de poesia catalana / (Record no. 187157)
[ view plain ]
| 000 -LEADER | |
|---|---|
| campo de control de longitud fija | 01183nam a2200265 i 4500 |
| 001 - NÚMERO DE CONTROL | |
| campo de control | 187157 |
| 003 - IDENTIFICADOR DE NÚMERO DE CONTROL | |
| campo de control | ES-MaACL |
| 005 - FECHA Y HORA DE LA ÚLTIMA TRANSACCIÓN | |
| campo de control | 20260227162730.0 |
| 008 - DATOS DE LONGITUD FIJA--INFORMACIÓN GENERAL | |
| campo de control de longitud fija | 170426s1962 sp |||| |dcat d |
| 080 ## - NÚMERO DE LA CLASIFICACIÓN DECIMAL UNIVERSAL | |
| Número de la Clasificación Decimal Universal | 821.134.1-14(082.2)"19" |
| 245 00 - MENCIÓN DEL TÍTULO | |
| Título | Versions de poesia catalana / |
| Mención de responsabilidad, etc. | [Joan Alcover, Joan Maragall, Guerau de Liost ... et al. ; edición preparada por F.-P. Verrié, con la colaboración de Albert Manent y de... Joan Triadú y Joaquim Molas]. |
| 260 ## - PUBLICACIÓN, DISTRIBUCIÓN, ETC. | |
| Lugar de publicación, distribución, etc. | Barcelona : |
| Nombre del editor, distribuidor, etc. | [s.n.], |
| Fecha de publicación, distribución, etc. | 1962 ( |
| Lugar de fabricación/manufactura | Sabadell : |
| Fabricante | Imp. Joan Sallent) |
| 300 ## - DESCRIPCIÓN FÍSICA | |
| Extensión | 188 p. ; |
| Dimensiones | 25 cm. |
| 500 ## - NOTA GENERAL | |
| Nota general | Índices. |
| 504 ## - NOTA DE BIBLIOGRAFÍA, ETC. | |
| Nota de bibliografía, etc. | Bibliografía: p. 183-185. |
| 546 ## - NOTA DE IDIOMA | |
| Nota de lengua/lenguaje | Con textos en 10 lenguas, además del catalán. |
| 594 ## - Nota al título y mención de responsabilidad | |
| Nota al título y mención de responsabilidad | Publ. con motivo del XVI Congreso de la Unión Internacional de Editores, Barcelona, 6-12 de mayo de 1962. |
| 650 #4 - PUNTO DE ACCESO ADICIONAL DE MATERIA--TÉRMINO DE MATERIA | |
| Término de materia o nombre geográfico como elemento de entrada | Poesía catalana- |
| Subdivisión cronológica | S.XX |
| 9 (RLIN) | 16206 |
| 700 1# - ENTRADA AGREGADA--NOMBRE PERSONAL | |
| Nombre de persona | Alcover, Joan, |
| Fechas asociadas al nombre | 1854-1926 |
| 9 (RLIN) | 152445 |
| 700 1# - ENTRADA AGREGADA--NOMBRE PERSONAL | |
| Nombre de persona | Maragall, Joan, |
| Fechas asociadas al nombre | 1860-1911 |
| 9 (RLIN) | 152432 |
| 700 1# - ENTRADA AGREGADA--NOMBRE PERSONAL | |
| Nombre de persona | Liost, Guerau de. |
| 9 (RLIN) | 72489 |
| 700 1# - ENTRADA AGREGADA--NOMBRE PERSONAL | |
| Nombre de persona | Verrié, F.- P. |
| 9 (RLIN) | 114202 |
| 852 ## - LOCALIZACIÓN | |
| Ubicación | ES-MaACL |
| Número de control de estantería | L-31487 |
| Nota libre | . - Donat. herederos de la bibl. de Mª del Pilar Costa Palacín |
| Estatus retirado | Estado de pérdida | Estado de daño | No para préstamo | Biblioteca de origen | Biblioteca actual | Ubicación en estantería | Fecha de adquisición | Fuente de adquisición | Total de préstamos | Signatura topográfica completa | Código de barras | Visto por última vez | Precio de reemplazo | Tipo de ítem Koha |
|---|---|---|---|---|---|---|---|---|---|---|---|---|---|---|
| Biblioteca del Ateneo de Madrid | Biblioteca del Ateneo de Madrid | Depósito 2 | 26/04/2017 | L-31487 | 1197459 | 23/02/2023 | 23/02/2023 | Libro impreso |
